FIFA World Player of the Year and Ballon d'Or - Statistics

General Stats
  • This quiz has been taken 1,894 times
  • The average score is 19 of 22
Answer Stats
Year Player Country % Correct
1996 Ronaldo Brazil
99%
1997 Ronaldo Brazil
99%
2002 Ronaldo Brazil
99%
2009 Lionel Messi Argentina
98%
2010 Lionel Messi Argentina
98%
2011 Lionel Messi Argentina
98%
2012 Lionel Messi Argentina
98%
2008 Cristiano Ronaldo Portugal
97%
2004 Ronaldinho Brazil
91%
2005 Ronaldinho Brazil
91%
2007 Kaka Brazil
88%
1998 Zinedine Zidane France
88%
2000 Zinedine Zidane France
88%
2003 Zinedine Zidane France
88%
2001 Luis Figo Portugal
83%
2006 Fabio Cannavaro Italy
78%
1999 Rivaldo Brazil
74%
1995 George Weah Liberia
73%
1992 Marco Van Basten Netherlands
64%
1993 Roberto Baggio Italy
58%
1991 Lothar Matthaus Germany
50%
1994 Romario Brazil
50%
No matching quizzes found
Score Distribution
Percent of People with Each Score
Percentile by Number Answered
Your Score History
You have not taken this quiz